Catálogo

ECONOMIA DE LA SOCIEDAD COLONIAL : (Registro nro. 57951)

Detalles MARC
000 -LEADER
fixed length control field 00815nam a2200193 a 4500
001 - CONTROL NUMBER
control field 57951
005 - DATE AND TIME OF LATEST TRANSACTION
control field 20180714054343.0
008 - FIXED-LENGTH DATA ELEMENTS--GENERAL INFORMATION
fixed length control field 140415s1993 mx 000 0 spa d
020 ## - INTERNATIONAL STANDARD BOOK NUMBER
International Standard Book Number 9682946980
041 ## - LANGUAGE CODE
Language code of text/sound track or separate title spa
082 ## - DEWEY DECIMAL CLASSIFICATION NUMBER
Classification number 980
Item number BAG
100 1# - MAIN ENTRY--PERSONAL NAME
Personal name BAGU, SERGIO
245 10 - TITLE STATEMENT
Title ECONOMIA DE LA SOCIEDAD COLONIAL :
Remainder of title ENSAYO DE HISTORIA COMPARADA DE AMERICA LATINA
250 ## - EDITION STATEMENT
Edition statement 1a ed.
260 ## - PUBLICATION, DISTRIBUTION, ETC.
Place of publication, distribution, etc. MEXICO :
Name of publisher, distributor, etc. GRIJALBO,
Date of publication, distribution, etc. 1993
300 ## - PHYSICAL DESCRIPTION
Extent 504
Dimensions 13.5 x 1.5 x 21
520 ## - SUMMARY, ETC.
Summary, etc. SE TRATA DE UN MINUCIOSO TRABAJO DE HISTORIA COMPARADA DE AMÉRICA LATINA, DIRIGIDO A DEMOSTRAR QUE EL SISTEMA IMPLANTADO POR LAS POTENCIAS EUROPEAS EN EL CONTINENTE FUE UN CAPITALISMO COLONIAL. LA REEDICION INCLUYE UNA BIBLIOGRAFÄšA EXTENSA Y ACTUALIZADA SOBRE LOS TEMAS TRATADOS.
650 14 - SUBJECT ADDED ENTRY--TOPICAL TERM
Topical term or geographic name entry element IBEROAMERICA
General subdivision HISTORIA
Existencias
Withdrawn status Lost status Source of classification or shelving scheme Damaged status Not for loan Collection code Home library Current library Shelving location Date acquired Source of acquisition Inventory number Total Checkouts Full call number Barcode Date last seen Price effective from Koha item type
    Dewey Decimal Classification     General Biblioteca Karol Wojtyla Biblioteca Karol Wojtyla Sala general 03/12/2013 Compra 151000000000000000038372   980 BAG 87445 05/01/2026 03/12/2013 Libro